Deportes por imagen - Estadísticas

Estadísticas generales
  • Esta prueba ha sido intentada 104 veces
  • La puntuación promedio es 14 de 15
Estadísticas de respuestas
Imagen Respuesta % Correcto
Fútbol
100%
Golf
100%
Tenis
99%
Bolos
97%
Hockey
97%
Boxeo
96%
Fútbol Americano
96%
Béisbol
95%
De Billar
92%
Bádminton
91%
Baloncesto
91%
Tenis de Mesa
89%
Cricket
77%
Voleibol
71%
Tiro al Arco
68%
No se encontraron pruebas coincidentes
Distribución de puntuación
Porcentaje de gente con cada puntuación
Porcentaje por número respondido
Historial de tus puntuaciones
No has intentado esta prueba.